000 00360 a2200169 4500
001 175389
020 _a85-262-2880-3
040 _cMagnum
100 _aParker, Steve
240 1 0 _aNewton e a gravitação
_lpor
245 1 0 _aNewton e a gravitação
300 _a32
362 0 _a1996
440 1 _aScipione
697 _aCIÊNCIAS PURAS
942 _cBK
999 _c175389
_d175389